000
00285nam a22001217a 4500
020
_a
0-8306-0693-9
082
_a
621.3 WAR
100
_a
WARRING,R.H, GIBILISCO,STAN
_9
66634
245
_a
FUNDAMENTALS OF TRANSDUCERS
260
_a
USA
_b
TAB BOOKS
_c
1985
300
_a
350P
942
_c
BK
999
_c
574570
_d
574570